000 00527nam a2200157Ia 4500
008 160316s2008 xxu||||| |||| 00| 0 eng d
082 _a331.310000
_bHAL
100 _aHalambi Kamalakar
245 _aHand book for the orientation and sensitization of anganawadi teachers and their organization leaders on the elimination of child labour
250 _a
260 _aNew Delhi
_bInternational Labour Organisation
_c2008
300 _a136
_b
_c
365 _b
650 _a1. Child labour - teachers
700 _aKumar Sanjiv
_a
999 _c37361
_d37361